Reconnaissance botanique forestière #3 - Statistiques

Statistiques générales
  • Ce quiz a été pris 34 fois
  • Le résultat moyen est 7 sur 16
Statistiques - réponses
Par images Hint Réponse % Correct
 Plante parasite Gui
85%
 Feuilles qui deviennent rouges à l’automne Cornouiller sanguin
75%
 Très commun Lierre grimpant
75%
 Fruits : baies à 1 seul noyau Aubépine monogyne
65%
 Tiges à 5 angles (pentagonales) Genêt à balai
60%
 Ecorce exfoliée en plaques (comme les fruitiers) Cornouiller mâle
50%
 Grosses épines courbées Eglantier
50%
 Terrains calcaires Clématite vigne blanche
40%
 Ecorce grise et lisse puis fissurée horizontalement (sur les jeunes individus : bandes de lenticelles comme sur le merisier) Sorbier des oiseleurs
40%
 Fruits : baies à 2 ou 3 noyaux Aubépine épineuse
35%
 Présence de 4 lignes marrons aux 4 angles sur les tiges plus larges Fusain d’Europe
35%
taille des feuilles : 5cm Tilleul à petites feuilles
30%
 Tiges creuses, Bourgeons plats à angle droit, pointus et non piquants Camérisier à balai
25%
taille des feuilles : 15cm Tilleul à grandes feuilles
25%
 Ecorce profondément crevassée, Présence d’épines sur l’extrémité des rameaux Nerprun purgatif
20%
 Fruits : baies rouges Chèvrefeuille
15%
Aucun quiz correspondant
Distribution des résultats
% des personnes avec chaque résultat
Percentile par nombre de réponses
Votre historique - résultats
Vous n’avez pas pris ce quiz